Návrh opatrení na zefektívnenie vybraných procesov využitím metód štíhlej výroby v podniku Vaillant Industrial Slovakia s.r.o.
Salvato in:
| Autore principale: | |
|---|---|
| Altri autori: | |
| Natura: | Manoscritto Libro |
| Lingua: | slovacco |
| Pubblicazione: |
2025
|
| Soggetti: | |
| Accesso online: | http://is.stuba.sk/zp/portal_zp.pl?podrobnosti=176854 |
| Tags: |
Nessun Tag, puoi essere il primo ad aggiungerne!!
|
MARC
| LEADER | 00000ntm a22000003a 4500 | ||
|---|---|---|---|
| 001 | stuzp104127 | ||
| 003 | SK-STU | ||
| 005 | 20250628211239.4 | ||
| 007 | ta | ||
| 008 | 150427s2015----xo-----f-mn---000-0-slo-d | ||
| 040 | |a STU |b slo | ||
| 041 | 0 | |a slo | |
| 100 | 1 | |a Baláž, Roman |u 064000 |4 aut |U MTF Materiálovotechnologická fakulta |T MTF Ústav priemyselného inžinierstva a manažmentu |X 121915 |U M4000 |Y 84 |7 121915 | |
| 242 | 0 | 1 | |a Proposal of Measures to Streamline Selected Processes Using Lean Manufacturing Methods in Vaillant Industrial Slovakia s.r.o. |y eng |
| 245 | 1 | 0 | |a Návrh opatrení na zefektívnenie vybraných procesov využitím metód štíhlej výroby v podniku Vaillant Industrial Slovakia s.r.o. |
| 260 | |c 2025 | ||
| 650 | 4 | |a štíhla výroba |2 slo | |
| 650 | 4 | |a 5S |2 slo | |
| 650 | 4 | |a Kaizen |2 slo | |
| 650 | 4 | |a Kanban |2 slo | |
| 650 | 4 | |a Milkrun |2 slo | |
| 650 | 4 | |a FIFO |2 slo | |
| 650 | 4 | |a plytvanie |2 slo | |
| 650 | 4 | |a mapovanie toku hodnôt |2 slo | |
| 650 | 4 | |a 5S |2 eng | |
| 650 | 4 | |a Kaizen |2 eng | |
| 650 | 4 | |a Kanban |2 eng | |
| 650 | 4 | |a Milkrun |2 eng | |
| 650 | 4 | |a FIFO |2 eng | |
| 650 | 4 | |a waste |2 eng | |
| 650 | 4 | |a lean manufacturing |2 eng | |
| 650 | 4 | |a Value Stream Mapping |2 eng | |
| 700 | 1 | |a Szabó, Peter |u 064000 |k Z1 |4 ths |U MTF Materiálovotechnologická fakulta |T MTF Ústav priemyselného inžinierstva a manažmentu |X 19244 |U M4000 |Y 84 |7 A000019244 | |
| 856 | 4 | |u http://is.stuba.sk/zp/portal_zp.pl?podrobnosti=176854 | |
| 996 | |c M* BP-9872 |l MMSKP |s P |a 0 |w stuzp104127_0001 | ||